BMX World Champions 2010-2023 - Statistics

General Stats
  • This quiz has been taken 35 times
  • The average score is 16 of 26
Answer Stats
Hint Answer % Correct
2011 Joris Daudet
92%
2016 Joris Daudet
92%
2023 Romain Mahieu
81%
2018 Sylvain Andre
77%
2017 Alise Willoughby
73%
2019 Alise Willoughby
73%
2015 Niek Kimmann
73%
2021 Niek Kimmann
73%
2018 Laura Smulders
65%
2012 Sam Willoughby
65%
2014 Sam Willoughby
65%
2011 Mariana Pajon
62%
2014 Mariana Pajon
62%
2016 Mariana Pajon
62%
2022 Simon Marquart
62%
2021 Bethany Shriever
58%
2023 Bethany Shriever
58%
2022 Felicia Stancil
58%
2019 Twan van Gendt
54%
2017 Corben Sharrah
50%
2013 Liam Phillips
50%
2010 Maris Strombergs
50%
2013 Caroline Buchanan
38%
2015 Stefany Hernandez
27%
2010 Shanaze Reade
23%
2012 Magalie Pottier
15%
No matching quizzes found
Score Distribution
Percent of People with Each Score
Percentile by Number Answered
Your Score History
You have not taken this quiz